Einführung in die algebraische Geometrie

Saved in:
Bibliographic Details
Format: Book
Language:German
Published: Berlin Springer 1973
Edition:2. Aufl.
Tags: Add Tag
No Tags, Be the first to tag this record!

MARC

LEADER 00000nam a2200000 4500
001 c109333
005 20250820080230.9
041 0 |a ger 
044 |a DE 
245 1 0 |a Einführung in die algebraische Geometrie  |c B.L. van de Waerden 
250 |a 2. Aufl. 
264 1 |a Berlin  |b Springer  |c 1973 
300 |a 280 s.